000 00471nam a2200193 a 4500
001 23116
003 CO-ViMGA
008 141112s2004 ck r 000 u spa d
020 _a978846636247
040 _aCO-ViMGA
_bspa
_cCO-ViMGA
082 0 4 _a823.91 P855d
100 1 _aPullman, Philip
_933275
245 1 0 _aLa daga
260 _aEspaƱa :
_bB s.a
300 _a283p.
650 1 4 _aASESINATOS EN LA LITERATURA
_933276
650 1 4 _aNOVELA INGLESA
942 _2ddc
_cBK
999 _c31381
_d31381